Christmas song scramble part 1 - Statistics

General Stats
  • This quiz has been taken 51 times
  • The average score is 11 of 15
Answer Stats
Hint Answer % Correct
lal i twna orf hitscmrsa si uyo All I want for Christmas is you
95%
taasn sluca si gomnic ot wont Santa Claus is coming to town
93%
Etl ti nswo! Etl ti nswo! Etl ti nswo! Let it snow! Let it snow! Let it snow!
88%
tsnaa lelt em Santa tell me
88%
gljeni lebl kroc Jingle bell rock
86%
slat sharcmits Last Christmas
86%
tsi ggibennin ot oklo a otl keli hstscrmia It’s beginning to look a lot like Christmas
70%
Tsi het smot lwnouferd eimt fo het arey It’s the most wonderful time of the year
70%
nikroc droanu hte msahtscir eret Rockin around the Christmas tree
70%
llhyo ljoyl thsamiscr Holly Jolly Christmas
63%
rerym hrcissmat yeernove Merry Christmas everyone
60%
ybba sit dclo tseuiod Baby it’s cold outside
58%
gidrinv ehmo orf smactshri Driving home for Christmas
47%
veha uosfyrel a reymr etlitl hastsmirc Have yourself a merry little Christmas
47%
hanuterdne het etre Underneath the tree
37%
No matching quizzes found
Score Distribution
Percent of People with Each Score
Percentile by Number Answered
Your Score History
You have not taken this quiz